| 000 | 00444nam a2200145 4500 | ||
|---|---|---|---|
| 001 | 1338 | ||
| 008 | 751219s1960 xx 000 0 eng d | ||
| 100 | 1 | _aUpdike, John. | |
| 245 | 1 | 0 |
_aRabbit, run / _cJohn Updike. |
| 260 |
_aGreenwich, CT : _bFawcett Publications, _c1960. |
||
| 300 |
_a255 p. ; _c19 cm. |
||
| 490 | 0 | _aCrest books. | |
| 650 |
_aAngstrom, Harry (Fictitious character) _vFiction. _x _y _z _2 |
||
| 650 |
_aMiddle class men _vFiction. _x _y _z _2 |
||
| 999 |
_c971 _d971 |
||